| 000 | 00703nam a2200241Ia 4500 | ||
|---|---|---|---|
| 003 | OSt | ||
| 005 | 20220918183557.0 | ||
| 006 | a|||||r|||| 00| 0 | ||
| 007 | ta | ||
| 008 | 220917b |||||||| |||| 00| 0 eng d | ||
| 024 | _a39,012 | ||
| 037 | _cTextual | ||
| 040 |
_aARTS _cARTS _beng |
||
| 041 |
_2eng _aeng |
||
| 082 | _aO15,1A1:g(J), K3 | ||
| 100 |
_aChanana Dev Raj _963146 |
||
| 245 | 0 |
_aSpread of agriculture in Northern India _b As despicted in the Ramayana of Valmiki |
|
| 260 |
_aNew Delhi _bSumna Prakashana _c1963 |
||
| 300 |
_a29p. _ccm. |
||
| 650 | _aENGLISH LITERATURE | ||
| 942 |
_hO15,1A1:g(J), K3 _cTEXL _2CC |
||
| 999 |
_c173113 _d173113 |
||